К вопросу о влиянии торфоминерально-аммиачных удобрений (ТМАУ) на динамику подвижных форм азота и фосфора в почвах; Труды Всесоюзного научно-исследовательского института торфяной промышленности; Вып. 19

Bibliographic Details
Parent link:Труды Всесоюзного научно-исследовательского института торфяной промышленности/ Всесоюзный научно-исследовательский институт торфяной промышленности.— , 1956-1967
Вып. 19.— 1962.— С. 27-31
Main Author: Аршавская В. Ф.
Other Authors: Шелагина И. Я.
Language:Russian
Published: 1962
Series:Торф в сельском хозяйстве
Format: Book Chapter
KOHA link:https://koha.lib.tpu.ru/cgi-bin/koha/opac-detail.pl?biblionumber=206272

MARC

LEADER 00000naa2a2200000 4500
001 206272
005 20231031190713.0
035 |a (RuTPU)RU\TPU\book\224846 
035 |a RU\TPU\book\224845 
090 |a 206272 
100 |a 20111229d1962 k y0rusy50 ca 
101 0 |a rus 
102 |a RU 
200 1 |a К вопросу о влиянии торфоминерально-аммиачных удобрений (ТМАУ) на динамику подвижных форм азота и фосфора в почвах  |f В. Ф. Аршавская, И. Я. Шелагина 
225 1 |a Торф в сельском хозяйстве 
461 0 |0 (RuTPU)RU\TPU\book\224773  |t Труды Всесоюзного научно-исследовательского института торфяной промышленности  |f Всесоюзный научно-исследовательский институт торфяной промышленности  |d 1956-1967 
463 0 |0 (RuTPU)RU\TPU\book\224841  |t Вып. 19  |v С. 27-31  |d 1962  |p 174 с. 
700 1 |a Аршавская  |b В. Ф. 
701 1 |a Шелагина  |b И. Я. 
801 1 |a RU  |b 63413507  |c 20111229 
801 2 |a RU  |b 63413507  |c 20111229  |g RCR 
942 |c BK